Personnages de Borderlands en images - Statistiques

Statistiques générales
  • Ce quiz a été pris 29 fois
    7 depuis la dernière actualisation
  • Le résultat moyen est 14 sur 20
Statistiques - réponses
Par images Réponse % Correct
Alistair Hammerlock
100%
Claptrap
100%
Le Beau Jack
100%
Lilith
100%
Mad Moxxi
100%
Marcus
100%
Maya
100%
Tiny Tina
100%
Zer0
100%
Roland
86%
Troy Calypso
71%
Amara
57%
Ava
57%
Patricia Tannis
57%
Rafa
43%
Tyreen Calypso
43%
Vex
43%
Steele
29%
Callis
14%
Timekeeper
14%
Aucun quiz correspondant
Distribution des résultats
% des personnes avec chaque résultat
Percentile par nombre de réponses
Votre historique - résultats
Vous n’avez pas pris ce quiz depuis la dernière actualisation